000
00285 a2200121 4500
001
64303
082
_a
610.321 DOR
090
_c
37955
_d
37955
100
_a
Dorland
245
_a
Dorland's Illustrated Medical Dictionary
260
_a
London
_b
W B saunders
_c
1988
300
_a
1940 P
942
_a
caenust
_k
610.321 DOR
999
_c
299376
_d
299376